| 000 | 00503nam a2200157Ia 4500 | ||
|---|---|---|---|
| 008 | 170221s9999 xx 000 0 und d | ||
| 100 | _aNofia Fitri | ||
| 245 | _aDemocracy Discourses through the Internet Communication: Understanding the Hacktivism for the Global Changing | ||
| 245 | _cNofia Fitri | ||
| 260 | _bOnline Journal of Communication and Media Technologies | ||
| 260 | _c2015 | ||
| 300 | _a4 : 2 | ||
| 650 | _xCommunication | ||
| 650 | _xMedia Arts | ||
| 856 | _uhttp://www.ojcmt.net/ | ||
| 999 |
_c313044 _d313044 |
||